• 首页
  • 本馆介绍
  • 公告通知
  • 最新文献
  • 馆藏检索
  • 电子资源
  • 读者导购
  • 参考咨询
  • 我的图书馆
  • 登录
  • 详细信息显示
  • 放入我的书架
  • 预约/预借图书
  • 作者相关作品
  • 分类相关作品
  • 丛书相关作品
  • 出版社相关作品

书目信息

  • 表格格式
  • 工作单格式
  • 卡片格式
题名:
水资源价值论
    
 
作者: 姜文来 著
分册:  
出版信息: 北京   科学出版社  1998.7
页数: 294页
开本: 32开
丛书名: 博士文丛
单 册:
中图分类: TV211.1
科图分类:
主题词: 水利调查
电子资源:
ISBN: 7-03-006703-7
000 00593nam0 2200217 45
001 0012041086
005 20031219104047.8
010    @a7-03-006703-7@b精装@dCNY23.00
100    @a20001204d1998 km y0chiy0120 ea
101 0  @achi
105    @a z 000yy
200 1  @a水资源价值论@AShui Zi Yuan Jia Zhi Lun@f姜文来著@FJiang Wen Lai Zhu
210    @a北京@c科学出版社@d1998.7
215    @a294页@d32开
225    @a博士文丛
410    @12001 @a博士文丛
606 0  @a水利调查
690    @aTV211.1@v1
701  0 @a姜文来@4著
801    @aCN@bTSTC@c20001221
905    @b293547-549@dTV211.1@e9@f3
    
    水资源价值论/姜文来著.-北京:科学出版社,1998.7
    294页;32开.-(博士文丛)
    
    
    ISBN 7-03-006703-7(精装):CNY23.00
    
●
相关链接 在E读中查询图书 在五车中查询图书 在当当中查询图书 在豆瓣中查询图书


正题名:水资源价值论     索取号:TV211.1/9         预约/预借

序号 登录号 条形码 馆藏地/架位号 状态 备注
1 0293547   002935471   第三借阅区/ [索取号:TV211.1/9] 在馆    
2 0293548   002935480   第三借阅区/ [索取号:TV211.1/9] 在馆    
3 0293549   002935499   第三借阅区/ [索取号:TV211.1/9] 在馆    
4 0294928   002949288   第三借阅区/ [索取号:TV211.1/9] 在馆    
5 0294929   002949297   第三借阅区/ [索取号:TV211.1/9] 在馆    
6 0294930   002949304   第三借阅区/ [索取号:TV211.1/9] 在馆    
7 0294931   002949313   第三借阅区/ [索取号:TV211.1/9] 在馆    
8 0294932   002949322   第三借阅区/ [索取号:TV211.1/9] 在馆    
唐山师范学院图书馆 欢迎您!
大连网信软件有限公司© 版权所有